At the water's edge
| Main Author: | |
|---|---|
| Format: | Book |
| Published: |
Sydney :
Allen & Unwin ,
2015
|
| Subjects: |
MARC
| LEADER | 00000cam a2200000 7i4500 | ||
|---|---|---|---|
| 001 | 0000202000 | ||
| 005 | 20160606.0 | ||
| 020 | |a 9781742379883 | ||
| 090 | 0 | 0 | |a F |b GRU |
| 100 | 1 | |a Gruen, Sara | |
| 245 | 1 | 0 | |a At the water's edge |c Sara Gruen |
| 260 | |a Sydney : |b Allen & Unwin , |c 2015 | ||
| 300 | |a 356p. ; |c 23cm. | ||
| 650 | 0 | |a Fiction | |
| 999 | |a 00324784 |b BUKU |c PINJAMAN |e PERPUSTAKAAN KOMUNITI PETALING JAYA | ||